Twelve Points That Show Christianity Is True : (Record no. 10453)

MARC details
000 -LEADER
fixed length control field 00585nam a22001817a 4500
003 - CONTROL NUMBER IDENTIFIER
control field GBCCL
005 - DATE AND TIME OF LATEST TRANSACTION
control field 20241126110732.0
008 - FIXED-LENGTH DATA ELEMENTS--GENERAL INFORMATION
fixed length control field 240722b ||||| |||| 00| 0 eng d
020 ## - INTERNATIONAL STANDARD BOOK NUMBER
International Standard Book Number 9781530645923
020 ## - INTERNATIONAL STANDARD BOOK NUMBER
International Standard Book Number 1530645921
040 ## - CATALOGING SOURCE
Transcribing agency gbc
082 ## - DEWEY DECIMAL CLASSIFICATION NUMBER
Classification number 239
Item number GEI
100 ## - MAIN ENTRY--PERSONAL NAME
Personal name Geisler, Norman L
9 (RLIN) 88
245 ## - TITLE STATEMENT
Title Twelve Points That Show Christianity Is True :
Remainder of title A Handbook On Defending The Christian Faith /
Statement of responsibility, etc. Norman L Geisler
260 ## - PUBLICATION, DISTRIBUTION, ETC.
Place of publication, distribution, etc. Indian Trail, North Carolina :
Name of publisher, distributor, etc. Platform, CreateSpace Independent Publishing,
Date of publication, distribution, etc. 2016
650 ## - SUBJECT ADDED ENTRY--TOPICAL TERM
Topical term or geographic name entry element Apologetics
9 (RLIN) 85
942 ## - ADDED ENTRY ELEMENTS (KOHA)
Source of classification or shelving scheme Dewey Decimal Classification
Koha item type Books
Koha issues (borrowed), all copies 10
Holdings
Withdrawn status Lost status Source of classification or shelving scheme Damaged status Not for loan Home library Current Library Shelving location Date acquired Total checkouts Full call number Barcode Date last seen Date last checked out Copy number Price effective from Koha item type Total renewals Date due
    Dewey Decimal Classification     GRACE BIBLE COLLEGE GRACE BIBLE COLLEGE Theology 2024-07-22 6 239 GEI 016944 2025-07-31 2025-07-28 c.1 2024-07-22 Books    
    Dewey Decimal Classification     GRACE BIBLE COLLEGE GRACE BIBLE COLLEGE Theology 2024-07-22 5 239 GEI 016945 2025-09-08 2025-09-04 c.2 2024-07-22 Books 1  
    Dewey Decimal Classification     GRACE BIBLE COLLEGE GRACE BIBLE COLLEGE Theology 2024-07-22 7 239 GEI 016946 2026-04-16 2026-04-16 c.3 2024-07-22 Books 1 2026-05-28
© Grace Bible College Library 2025